| 000 | 00928nam a22002417a 4500 | ||
|---|---|---|---|
| 005 | 20080811141834.0 | ||
| 008 | 080811t xxu||||| |||| 00| 0 eng d | ||
| 010 | _aENG-90718 | ||
| 020 |
_c475.00 _a9788184350210 |
||
| 035 | _aEN-74251 | ||
| 037 | _bDBAD / PUB | ||
| 040 |
_aDPL _bENGLISH |
||
| 082 | _a880.8 | ||
| 100 | _aHajela, Sudheer Chandra | ||
| 245 |
_aCleanth Brooks : _cby Sudheer Chandra Hajela _btheory and practice / |
||
| 260 |
_aNew Delhi _bAdhyayan Publishers & Distributors _c2007 |
||
| 300 |
_axiv, 170p. _c22 cm.(Hb) |
||
| 500 | _aIncludes bibliographical references and index | ||
| 650 |
_aCriticism _xHistory _y20th century _zUnited states |
||
| 600 | _aBrooks, Cleanth, 1906-1994 | ||
| 942 |
_2ddc _cEN _h880.8 _mHAJ |
||
| 999 |
_c14826 _d14826 |
||